000 00344nam a2200133Ia 4500
008 240624s9999 xx 000 0 und d
041 _aeng
082 _a658.4092 SWA
100 _aSWARTZ GREG
245 _aLEADERSHIP LESSONS 10 KEYS TO SUCCESS IN
260 _c2008
_aUSA
_bASTD Press
300 _avii, : 151 : p. : cm. ; 24
365 _c
_b25
999 _c16751
_d16751